Les métamorphoses
Na minha lista:
| Autor principal: | |
|---|---|
| Formato: | Livro |
| Idioma: | francês latim |
| Publicado em: |
París
Les Belles Lettres
1961
|
| Edição: | 3a. ed |
| coleção: | Collection des Universités de France
|
| Assuntos: | |
| Tags: |
Adicionar Tag
Sem tags, seja o primeiro a adicionar uma tag!
|
MARC
| LEADER | 00000nam a2200000 a 4500 | ||
|---|---|---|---|
| 001 | UCM7085 | ||
| 003 | CL-VaPUC | ||
| 008 | 021129e19610000FR |||||||||||||||||fre|d | ||
| 041 | 0 | 7 | |a fre |2 CL-VaPUC |
| 041 | 0 | 7 | |a lat |2 CL-VaPUC |
| 082 | 0 | 4 | |a 871 |b OVI |2 21 |
| 100 | |a Ovidio Nasón, Publio |e auteur |9 347163 | ||
| 245 | 1 | 4 | |a Les métamorphoses |
| 250 | |a 3a. ed | ||
| 300 | |a 3 v | ||
| 942 | |c BK | ||
| 945 | |d 20021129 00:00:00 |a cmena | ||
| 260 | |a París |b Les Belles Lettres |c 1961 | ||
| 500 | |a v.1: I-V | ||
| 500 | |a v.3: XI-XV | ||
| 650 | 7 | |a POESIAS LATINAS |2 CL-VaPUC |9 472808 | |
| 650 | 0 | |a Literatura latina |9 258055 | |
| 583 | |a last modification |c 20120618 11:02:32 |k Rodrigo Vera | ||
| 490 | 0 | |a Collection des Universités de France | |
| 999 | |c 302120 |d 302118 | ||
| 952 | |0 0 |1 0 |4 0 |6 871_000000000000000_OVI_1961 |7 0 |8 DER_ROM |9 362164 |a BIBDER |b BIBDER |d 2019-11-21 |h v.1 |i 3864553 |o 871 OVI 1961 |p 3864553 |r 2023-01-25 |w 2019-11-21 |x Ubicación 4to piso |y BK |z Este recurso debe solicitarse con anticipación |k DER | ||